| 000 | 00772nam a2200277Ia 4500 | ||
|---|---|---|---|
| 005 | 20250425161846.0 | ||
| 008 | 250425s9999 xx 000 0 und d | ||
| 020 | _a9584211080 | ||
| 041 | _aspa | ||
| 043 | _ack | ||
| 082 | _a658.421 | ||
| 100 | _aMICHAELSON, GERALD A. | ||
| 245 | 0 | _aSUN TZU: EL ARTE DE LA GUERRA PARA DIRECTIVOS | |
| 250 | _a1A ED. | ||
| 260 | _aBOGOTA | ||
| 260 |
_aColombia _bGESTION 2000 S.A. _c2000 |
||
| 300 | _a177 | ||
| 500 | _aTÃtulo Traducido: SUN TZU THE ART OF WAR FOR MANAGERS | ||
| 650 | _aADMINISTRACION DE EMPRESAS | ||
| 650 | _aDIRECCION DE EMPRESAS | ||
| 650 | _aDIRECCIONAMIENTO ESTRATEGICO | ||
| 650 | _aEMPRESAS-ESTRATEGIAS | ||
| 700 |
_aGUILLERMO SOLANA ALONSO _etraductor |
||
| 942 | _c01 | ||
| 010 | _a32683 | ||
| 999 |
_c217595 _d217595 |
||